LEADER 01196nam a2200301 u 4500 001 000000062927 003 CaOOAMICUS 005 20070226121204.0 008 011015s1973 sp u000 u spa u 035 $a10906421 040 $aPUL(R)$bita 100 1 $aDamboriena, Prudencio,$cS.I.,$d1913-$0(OLS)http://pul/name/42788 245 13$aLa salvacion en las religiones no cristianas /$cPrudencio Damboriena. 260 $aMadrid :$bLa Editorial Catolica,$c1973. 300 $a533 p. ;$c20 cm 490 1 $aBiblioteca de autores cristianos 490 1 $aSemina verbi 500 $aContiene indice. 504 $aBibliografia in nota. 650 4$aMisticismo.$0(OLS)http://pul/subject/2407 830 0$aBiblioteca de autores cristianos.$0(OLS)http://pul/title/1365 830 0$aSemina verbi.$0(OLS)http://pul/title/66314 850 $aPUL 852 $aPUL$W1$xSL Religione 1$y3$m70 A 56$j81720$nBK-PRI$b $qStampati$B81720$CPULBib$Z2$F81720 $H $81 941 1 $a8 983 0$aBAC. 996 $6245$aLa salvacion en las religiones no cristianas$9(OLS)http://pul/title/83929 996 $6260$aMadrid :$bLa Editorial Catolica$9(OLS)http://pul/publisher/54461 LEADER 01380nam a2200265 a 4500 001 000000155969 003 CaOOAMICUS 005 20161108152452.0 008 161108s1996 it u000 u eng r 032 $aLibriCat 040 $aPUL$bita 100 1 $aVaverek, Timothy V.$0(OLS)http://pul/name/99391 245 14$aThe office of pastor in contemporary Southern Baptist thought and practice : $becumenical possibilities from a roman catholic perspective / $cTimothy V. Vaverek. 260 $aRomae :$b[s.n.],$c1996. 300 $axii, 137 p. ; $c24 cm. 502 $aPars dissertationis ad lauream in facultate S. Theologiae apud Pontificiam Universitatem S. Thomae de Urbe.1996. 504 $aBibliografia in nota a pič pagina. 650 04$aParroci (diritto canonico).$0(OLS)http://pul/subject/38542 710 2 $aPontificia Universitā S. Tommaso.$bFacoltā di teologia.$kTesi.$0(OLS)http://pul/name/81834 850 $aPUL 852 $aPUL$W1$xDP1 Tesi Pon. Univ. S. Tommaso$y44$mTH S.THOM 982$j179144$qTesi$B182309$CPULBib$Z2$F182309 $H76922 $82 941 1 $a16 996 $6245$aThe office of pastor in contemporary Southern Baptist thought and practice : $becumenical possibilities from a roman catholic perspective / $9(OLS)http://pul/title/195615 996 $6260$aRomae :$b[s.n.]$9(OLS)http://pul/publisher/48223